02323nam a2200349Ii 4500001001100000003000800011006001900019007001500038008004100053020001500094020001800109035002100127040002600148050001600174245009800190250001100288264014900299300003400448336002600482337002600508338003600534490007600570504004100646505096400687650003601651655002201687700003101709700003601740830005301776830007401829856007001903DIGANT0040NyNyDIGm o d cr |||||||||||100325s2008 sp ob 000 0 spa d z8476588828 z9788476588826 a(OCoLC)656552636 aDGITAbengepncDGITA14aKF272 eBook00aPoder académico y educación legal /cRoberto Bergalli, Iñaki Rivera Beiras, (coords.). a1a ed. 1aRubí, Barcelona :bAnthropos, Editorial;aBarcelona :bObservatori del Sistema Penal i els Drets Humans de la Universitat de Barcelona,c2008. a1 online resource (191 pages) atextbtxt2rdacontent acomputerbc2rdamedia aonline resourcebcr2rdacarrier1 aHuellas : memoria y texto de creación ;v34.aSerie desafío(s) ;v6 aIncludes bibliographical references.0 aPresentación / Roberto Bergalli -- El poder de los juristas (o la necesidad de nombrar) / Gustavo Cosacov -- La enseñanza del derecho en la picota / Óscar Correas -- Términos heredados; método nuevo / José María Royo Arpón -- Corsi e ricorsi en Alemania. Ciencia jurídica y formación de juristas en tiempos de reforma universitaria / Wolf Paul -- Algunos recorridos a propósito de la enseñanza de la Criminología / Iñaki Rivera Beiras -- Notas sobre la formación de los jueces/ Amaya Olivas Díaz -- Proyecto CHALLENGE: The Changing Landscape of European Liberty and Security. Nuevos equilibrios entre libertad y seguridad. Un desafío para la enseñanza del derecho / Alejandra Manavella Suárez y Cristina Fernández Bessa -- Propuesta de la Comisión Delegada de la Asamblea de Decanos para el diseño del título de grado en Derecho -- Aprobación del Master Oficial en Criminología y Sociología Jurídico-Penal 0aLawxStudy and teachingzSpain. 0aElectronic books.1 aBergalli, Roberto,ecoord.1 aRivera Beiras, Iñaki,ecoord. 0aHuellas (Anthropos, Editorial del Hombre) ;v34. 0aHuellas (Anthropos, Editorial del Hombre). pSerie desafío(s) ;v6.403Digitalia Hispánicauhttps://www.digitaliapublishing.com/a/153/